<?xml version="1.0" encoding="UTF-8"?>
<record
    xmlns:xsi="http://www.w3.org/2001/XMLSchema-instance"
    xsi:schemaLocation="http://www.loc.gov/MARC21/slim http://www.loc.gov/standards/marcxml/schema/MARC21slim.xsd"
    xmlns="http://www.loc.gov/MARC21/slim">

  <leader>01180cam a2200373 i 4500</leader>
  <controlfield tag="001">1075817</controlfield>
  <controlfield tag="003">YEEZEN</controlfield>
  <controlfield tag="005">20250509153102.0</controlfield>
  <controlfield tag="008">220428s2022    ch a   e      000 1dchi d</controlfield>
  <datafield tag="020" ind1=" " ind2=" ">
    <subfield code="a">9786269574803</subfield>
    <subfield code="q">(&#x5E73;&#x88DD;) :</subfield>
    <subfield code="c">NT$330</subfield>
  </datafield>
  <datafield tag="020" ind1=" " ind2=" ">
    <subfield code="a">9786269574810</subfield>
    <subfield code="q">(PDF)</subfield>
  </datafield>
  <datafield tag="020" ind1=" " ind2=" ">
    <subfield code="a">9786269574827</subfield>
    <subfield code="q">(EPUB)</subfield>
  </datafield>
  <datafield tag="040" ind1=" " ind2=" ">
    <subfield code="a">CIP</subfield>
    <subfield code="b">chi</subfield>
    <subfield code="c">CIP</subfield>
    <subfield code="d">TWFJU</subfield>
    <subfield code="e">ccr</subfield>
    <subfield code="d">PTTCL</subfield>
  </datafield>
  <datafield tag="041" ind1="1" ind2=" ">
    <subfield code="a">chi</subfield>
    <subfield code="h">dan</subfield>
  </datafield>
  <datafield tag="042" ind1=" " ind2=" ">
    <subfield code="a">nbic</subfield>
  </datafield>
  <datafield tag="084" ind1=" " ind2=" ">
    <subfield code="a">881.557</subfield>
    <subfield code="b">3524 v.1</subfield>
    <subfield code="2">ncsclt</subfield>
  </datafield>
  <datafield tag="090" ind1=" " ind2=" ">
    <subfield code="a">881.557</subfield>
    <subfield code="b">3524</subfield>
  </datafield>
  <datafield tag="100" ind1="1" ind2=" ">
    <subfield code="a">Ditlevsen, Tove,</subfield>
    <subfield code="d">1917-1976.</subfield>
  </datafield>
  <datafield tag="210" ind1=" " ind2=" ">
    <subfield code="a">&#x54E5;&#x672C;&#x54C8;&#x6839;&#x4E09;&#x90E8;&#x66F2;</subfield>
  </datafield>
  <datafield tag="222" ind1=" " ind2=" ">
    <subfield code="a">&#x54E5;&#x672C;&#x54C8;&#x6839;&#x4E09;&#x90E8;&#x66F2;</subfield>
  </datafield>
  <datafield tag="240" ind1="1" ind2="0">
    <subfield code="a">&#x54E5;&#x672C;&#x54C8;&#x6839;&#x4E09;&#x90E8;&#x66F2;</subfield>
    <subfield code="l">&#x4E2D;&#x6587;</subfield>
  </datafield>
  <datafield tag="245" ind1="1" ind2="0">
    <subfield code="a">&#x54E5;&#x672C;&#x54C8;&#x6839;&#x4E09;&#x90E8;&#x66F2;</subfield>
    <subfield code="n">1&#x7AE5;&#x5E74; 2&#x9752;&#x6625;3&#x6BD2;&#x85E5;:</subfield>
    <subfield code="c">&#x6258;&#x8299;.&#x8FEA;&#x7279;&#x840A;&#x5F17;&#x68EE;(Tove Ditlevsen)&#x8457; ; &#x5433;&#x5CAB;&#x7A4E;&#x8B6F;</subfield>
  </datafield>
  <datafield tag="246" ind1="1" ind2=" ">
    <subfield code="a">&#x54E5;&#x672C;&#x54C8;&#x6839;&#x4E09;&#x90E8;&#x66F2;</subfield>
  </datafield>
  <datafield tag="246" ind1="1" ind2=" ">
    <subfield code="a">&#x54E5;&#x672C;&#x54C8;&#x6839;3&#x90E8;&#x66F2;</subfield>
  </datafield>
  <datafield tag="250" ind1=" " ind2=" ">
    <subfield code="a">&#x521D;&#x7248;</subfield>
  </datafield>
  <datafield tag="260" ind1=" " ind2=" ">
    <subfield code="a">&#x65B0;&#x5317;&#x5E02; :</subfield>
    <subfield code="b">&#x6F6E;&#x6D6A;&#x6587;&#x5316;,</subfield>
    <subfield code="c">2022.04.05.07&#x6708;</subfield>
  </datafield>
  <datafield tag="300" ind1=" " ind2=" ">
    <subfield code="a">186 &#x9762; :</subfield>
    <subfield code="b">&#x5716; ;</subfield>
    <subfield code="c">21 &#x516C;&#x5206;</subfield>
  </datafield>
  <datafield tag="490" ind1="0" ind2=" ">
    <subfield code="a">&#x6587;&#x5B78;&#x805A;&#x843D; ;</subfield>
    <subfield code="v">001.</subfield>
  </datafield>
  <datafield tag="490" ind1="0" ind2=" ">
    <subfield code="a">Village ;</subfield>
    <subfield code="v">001.</subfield>
  </datafield>
  <datafield tag="500" ind1=" " ind2=" ">
    <subfield code="a">&#x8B6F;&#x81EA; : Barndom : Kobenhavnertrilogi. I.</subfield>
  </datafield>
  <datafield tag="700" ind1="1" ind2=" ">
    <subfield code="a">Ditlevsen, Tove,</subfield>
    <subfield code="d">1917-1976.</subfield>
  </datafield>
  <datafield tag="700" ind1="1" ind2=" ">
    <subfield code="a">&#x5433;&#x5CAB;&#x7A4E;</subfield>
  </datafield>
  <datafield tag="942" ind1=" " ind2=" ">
    <subfield code="2">ccl</subfield>
    <subfield code="c">BOOK</subfield>
  </datafield>
  <datafield tag="999" ind1=" " ind2=" ">
    <subfield code="c">7637</subfield>
    <subfield code="d">7637</subfield>
  </datafield>
  <datafield tag="952" ind1=" " ind2=" ">
    <subfield code="0">0</subfield>
    <subfield code="1">0</subfield>
    <subfield code="2">ccl</subfield>
    <subfield code="4">0</subfield>
    <subfield code="7">0</subfield>
    <subfield code="a">yeezen</subfield>
    <subfield code="b">yeezen</subfield>
    <subfield code="c">YEEZEN</subfield>
    <subfield code="d">2025-05-09</subfield>
    <subfield code="l">3</subfield>
    <subfield code="m">1</subfield>
    <subfield code="o">881.557  1.&#x7AE5;&#x5E74;</subfield>
    <subfield code="p">C03221</subfield>
    <subfield code="r">2025-10-16 00:00:00</subfield>
    <subfield code="s">2025-10-15</subfield>
    <subfield code="w">2025-05-09</subfield>
    <subfield code="y">BOOK</subfield>
    <subfield code="z">&#x51FA;&#x8EAB;&#x65BC;&#x54E5;&#x672C;&#x54C8;&#x6839;&#x7684;&#x5DE5;&#x4EBA;&#x968E;&#x7D1A;&#x793E;&#x5340;,&#x6258;&#x8299;&#x81EA;&#x5E7C;&#x5373;&#x611F;&#x5230;&#x81EA;&#x5DF1;&#x8207;&#x9031;&#x906D;&#x4E16;&#x754C;&#x683C;&#x683C;&#x4E0D;&#x5165;&#x3002;&#x5979;&#x65E9;&#x719F;&#x7684;&#x5FC3;&#x601D;&#x53EA;&#x80FD;&#x88AB;&#x507D;&#x88DD;&#x5728;&#x7AE5;&#x7A1A;&#x7684;&#x8EC0;&#x9AD4;&#x88E1;,&#x5C0D;&#x95B1;&#x8B80;&#x53CA;&#x5275;&#x4F5C;&#x7684;&#x6E34;&#x671B;&#x537B;&#x5DF2;&#x5728;&#x5FC3;&#x4E2D;&#x751F;&#x6839;&#x840C;&#x82BD;&#x3002;&#x5979;&#x610F;&#x8B58;&#x5230;&#x81EA;&#x5DF1;&#x7684;&#x5167;&#x5FC3;&#x6709;&#x4E00;&#x7A2E;&#x7121;&#x4EE5;&#x540D;&#x72C0;&#x7684;&#x6E34;&#x671B;</subfield>
  </datafield>
  <datafield tag="952" ind1=" " ind2=" ">
    <subfield code="0">0</subfield>
    <subfield code="1">0</subfield>
    <subfield code="2">ccl</subfield>
    <subfield code="4">0</subfield>
    <subfield code="7">0</subfield>
    <subfield code="a">yeezen</subfield>
    <subfield code="b">yeezen</subfield>
    <subfield code="c">YEEZEN</subfield>
    <subfield code="d">2025-05-09</subfield>
    <subfield code="l">2</subfield>
    <subfield code="m">1</subfield>
    <subfield code="o">881.557    2.&#x9752;&#x6625;</subfield>
    <subfield code="p">C03222</subfield>
    <subfield code="r">2026-01-23 00:00:00</subfield>
    <subfield code="s">2026-01-14</subfield>
    <subfield code="w">2025-05-09</subfield>
    <subfield code="y">BOOK</subfield>
    <subfield code="z">&#x51FA;&#x8EAB;&#x65BC;&#x5DE5;&#x4EBA;&#x968E;&#x7D1A;&#x5BB6;&#x5EAD;,&#x6258;&#x8299;&#x88AB;&#x8FEB;&#x63D0;&#x524D;&#x96E2;&#x958B;&#x5B78;&#x6821;,&#x958B;&#x59CB;&#x5351;&#x5FAE;&#x7684;&#x4F4E;&#x85AA;&#x5DE5;&#x4F5C;&#x53CA;&#x66F2;&#x6298;&#x7684;&#x8077;&#x696D;&#x751F;&#x6DAF;&#x3002;&#x4F46;&#x5979;&#x6E34;&#x671B;&#x8A69;&#x6B4C;,&#x6E34;&#x671B;&#x611B;&#x60C5;,&#x6E34;&#x671B;&#x771F;&#x6B63;&#x7684;&#x751F;&#x6D3B;,&#x4E5F;&#x9762;&#x81E8;&#x8457;&#x9752;&#x6625;&#x671F;&#x7684;&#x9663;&#x75DB;&#x8207;&#x8003;&#x9A57;&#xFF1A;&#x8271;&#x96E3;&#x7684;&#x8077;&#x5834;&#x6587;&#x5316;&#x53CA;&#x52DE;&#x8CC7;&#x95DC;&#x4FC2;&#x3001;&#x60C5;&#x611F;&#x554F;&#x984C;,&#x540C;&#x6642;&#x4ECD;&#x7136;&#x5805;&#x5B9A;&#x8FFD;&#x6C42;&#x5275;&#x4F5C;&#x7684;&#x5922;&#x60F3;&#x3002;</subfield>
  </datafield>
  <datafield tag="952" ind1=" " ind2=" ">
    <subfield code="0">0</subfield>
    <subfield code="1">0</subfield>
    <subfield code="2">ccl</subfield>
    <subfield code="4">0</subfield>
    <subfield code="7">0</subfield>
    <subfield code="a">yeezen</subfield>
    <subfield code="b">yeezen</subfield>
    <subfield code="c">YEEZEN</subfield>
    <subfield code="d">2025-05-09</subfield>
    <subfield code="l">0</subfield>
    <subfield code="o">881.557   3.&#x6BD2;&#x85E5;</subfield>
    <subfield code="p">C03223</subfield>
    <subfield code="r">2025-05-09 00:00:00</subfield>
    <subfield code="w">2025-05-09</subfield>
    <subfield code="y">BOOK</subfield>
    <subfield code="z">&#x7B2C;&#x4E09;&#x4EFB;&#x4E08;&#x592B;&#x8B93;&#x5979;&#x9677;&#x5165;&#x6210;&#x766E;&#x554F;&#x984C;,&#x5979;&#x6C89;&#x6D78;&#x5728;&#x8FF7;&#x5E7B;&#x611F;&#x53CA;&#x5275;&#x4F5C;&#x6B32;&#x88E1;&#x7121;&#x6CD5;&#x81EA;&#x62D4;&#x3002;&#x66F8;&#x4E2D;&#x5C0D;&#x6210;&#x766E;&#x53CA;&#x6212;&#x65B7;&#x7684;&#x63CF;&#x8FF0;&#x9A5A;&#x5FC3;&#x52D5;&#x9B44;,&#x8B93;&#x4EBA;&#x4E0D;&#x5FCD;&#x3002;&#x7B2C;&#x56DB;&#x4EFB;&#x4E08;&#x592B;&#x5247;&#x4F34;&#x5979;&#x5EA6;&#x904E;&#x6212;&#x65B7;&#x4E4B;&#x8DEF;,&#x8D70;&#x5411;&#x53E6;&#x4E00;&#x6BB5;&#x4EBA;&#x751F;&#x3002;&#x5979;&#x66FE;&#x5728;&#x66F8;&#x88E1;&#x5BEB;&#x5230;,&#x5BEB;&#x4F5C;&#x662F;&#x552F;&#x4E00;&#x4EE4;&#x5979;&#x611F;&#x5230;&#x5FEB;&#x6A02;&#x8207;&#x5E73;&#x975C;&#x7684;&#x4E8B;&#x3002;&#x5979;&#x5C07;&#x81EA;&#x5DF1;&#x751F;&#x547D;&#x88E1;&#x7684;&#x7591;&#x60D1;&#x3001;&#x82E6;&#x75DB;&#x3001;&#x6399;&#x624E;&#x3001;&#x5FEB;&#x6A02;,&#x8AA0;&#x5BE6;&#x5766;&#x7387;&#x5730;&#x8A34;&#x8AF8;&#x7B46;&#x4E0B;&#x3002;&#x5168;&#x66F8;&#x771F;&#x5BE6;&#x63CF;&#x7E6A;&#x4E86;&#x4E00;&#x500B;&#x5973;&#x4EBA;&#x7D93;&#x6B77;&#x611B;&#x60C5;&#x3001;&#x53CB;&#x8ABC;&#x3001;&#x91CE;&#x5FC3;&#x548C;&#x6210;&#x766E;&#x7684;&#x707C;&#x71B1;&#x65C5;&#x7A0B;&#x3002;</subfield>
  </datafield>
</record>
